Playing field safeguards a better deal for sport (Record no. 79957)

MARC details
000 -LEADER
fixed length control field 01069cad a22002295a 4500
001 - CONTROL NUMBER
control field L142849
008 - FIXED-LENGTH DATA ELEMENTS--GENERAL INFORMATION
fixed length control field 080314e20080311xxk f 000 0 eng d
035 ## - SYSTEM CONTROL NUMBER
System control number (Sirsi) u142849
041 0# - LANGUAGE CODE
Language code of text/sound track or separate title eng
050 04 - LIBRARY OF CONGRESS CALL NUMBER
Classification number 711.58 $2 18
110 2# - MAIN ENTRY--CORPORATE NAME
Corporate name or jurisdiction name as entry element Sport England
9 (RLIN) 3763
245 00 - TITLE STATEMENT
Title Playing field safeguards a better deal for sport
Medium [electronic resource]
260 ## - PUBLICATION, DISTRIBUTION, ETC.
Place of publication, distribution, etc. London
Name of publisher, distributor, etc. Sport England
Date of publication, distribution, etc. 2008
490 #0 - SERIES STATEMENT
Series statement Sport England Press Release
Volume/sequential designation 11 March 2008
520 ## - SUMMARY, ETC.
Summary, etc. Press Release reports new data showing that in 2005-06, 97% of planning applications affecting playing fields resulted in improvements to sports facilities. Includes quotations from the Minister for Sport and the Chief Executive of Sport England.
521 2# - TARGET AUDIENCE NOTE
Target audience note Advanced
590 ## - LOCAL NOTE (RLIN)
Local note KA
651 #4 - SUBJECT ADDED ENTRY--GEOGRAPHIC NAME
Geographic name England
Chronological subdivision 886-
690 ## - LOCAL SUBJECT ADDED ENTRY--TOPICAL TERM (OCLC, RLIN)
Topical term or geographic name as entry element PROPERTY-COMMERCIAL PROPERTY-LEISURE PROPERTY-SPORTS PROPERTY
856 40 - ELECTRONIC LOCATION AND ACCESS
Uniform Resource Identifier <a href="https://www.sportengland.org/index/news_and_media/news_pr/playing_field_safeguards_secure_a_better_deal_for_sport.htm">https://www.sportengland.org/index/news_and_media/news_pr/playing_field_safeguards_secure_a_better_deal_for_sport.htm</a>
Public note View the press release free of charge at www.sportengland.org...
942 ## - ADDED ENTRY ELEMENTS (KOHA)
Suppress in OPAC 0
Holdings
Withdrawn status Lost status Source of classification or shelving scheme Damaged status Not for loan Home library Current library Shelving location Date acquired Total Checkouts Full call number Barcode Date last seen Copy number Price effective from Koha item type
    Dewey Decimal Classification     Virtual Virtual Online 14/03/2008   ONLINE PUBLICATION 142849-1001 06/08/2019 1 06/08/2019 Book